LEADER 01310nam a2200301 a 4500 001 000000141398 003 CaOOAMICUS 005 20150123094018.0 008 150123s2014 be u000 u eng r 020 $a978-90-429-2978-4 040 $aPUL$bita 100 1 $aShaw, Frank.$0(OLS)http://pul/name/91032 245 14$aThe earliest non-mystical Jewish use of Iao /$cFrank Shaw. 260 $aLeuven, Paris, Walpole (MA) :$bPeeters,$c2014. 300 $aXX, 431 p. ;$c23 cm 490 1 $aContributions to biblical exegesis and theology ;$v70 504 $aBibliografia p. [371]-410. 650 4$aDio$xParola.$0(OLS)http://pul/subject/35885 650 4$aDio$xDottrina ebraica.$0(OLS)http://pul/subject/38139 830 0$aContributions to biblical exegesis and theology ;$v70.$0(OLS)http://pul/title/27171 850 $aPUL 852 $aPUL$W1$xSL Religione 1$y3$m10(4) L 70$j163212$qStampati$B163096$CPULBib$Z2$F163096 $H125290 $82 941 1 $a8 983 0$aContributions to biblical exegesis & theology. 996 $6020$a978-90-429-2978-4$9(OLS)http://pul/number/156789 996 $6245$aThe earliest non-mystical Jewish use of Iao$9(OLS)http://pul/title/178929 996 $6260$aLeuven, Paris, Walpole (MA) :$bPeeters$9(OLS)http://pul/publisher/80881 LEADER 01602nam a2200349 u 4500 001 000000051373 003 CaOOAMICUS 005 20070226115329.0 008 000915s1997 it u000 u ita u 020 $a8876527753 035 $a10855556 040 $aIPA$bita$dPUL(R) 100 1 $aPerlasca, Alberto,$d1960-$0(OLS)http://pul/name/36909 245 13$aIl concetto di bene ecclesiastico /$cAlberto Perlasca. 260 $aRoma :$bEditrice Pontificia Università gregoriana,$c1997. 300 $a423 p. ;$c24 cm 490 1 $aTesi Gregoriana.$aSerie diritto canonico ;$v24 500 $aComprende indici. 502 $aDiss. -- Pontificia Università gregoriana. Facoltà di Diritto canonico. 504 $aBibliografia: p. 383-412. 650 4$aBeni ecclesiastici.$0(OLS)http://pul/subject/1129 650 4$aDiritto canonico amministrativo.$0(OLS)http://pul/subject/1786 710 2 $aPontificia Università Gregoriana.$bFacoltà di diritto canonico.$0(OLS)http://pul/name/27216 830 0$aTesi Gregoriana.$pSerie diritto canonico ;$v24.$0(OLS)http://pul/title/65563 850 $aPUL 852 $aPUL$W1$xDP1 Tesi Pon. Univ. Gregoriana$y40$mTH PUG 4435$j68047$nBK-PRI$b $qTesi$B68047$CPULBib$Z2$F68047 $H $81 941 1 $a16 960 $aDiritto amministrativo canonico$91786 961 $aINV: 83631 996 $6020$a8876527753$9(OLS)http://pul/number/65019 996 $6245$aIl concetto di bene ecclesiastico$9(OLS)http://pul/title/69052 996 $6260$aRoma :$bEditrice Pontificia Università gregoriana$9(OLS)http://pul/publisher/67494